[Event "GER-ch Youth U10 2020"]
[Site "Willingen"]
[Date "2020.10.28"]
[Round "3.3"]
[White "Neuhoff, Laertes"]
[Black "Bangert, Jonas"]
[Result "1/2-1/2"]
[WhiteElo "1655"]
[BlackElo "1549"]
[Annotator "NA"]
[PlyCount "131"]
[EventDate "2020.10.27"]
[EventType "swiss"]
[EventRounds "7"]
[EventCountry "GER"]
[SourceTitle "playchess.com"]
[Source "ChessBase"]
[SourceQuality "1"]
[TimeControl "40/4500+30:900+30"]

1. e4 {[%emt 0:00:00]} c6 {[%emt 0:00:00]} 2. d4 {[%emt 0:00:00]} d5 {[%emt 0:00:00]} 3. exd5 {[%emt 0:00:02]} cxd5 {[%emt 0:00:00]} 4. c4 {[%emt 0:00:11]} e6 {[%emt 0:06:04]} 5. Nc3 {[%emt 0:00:44]} Nf6 {[%emt 0:00:44]} 6. Nf3 {[%emt 0:01:05]} b6 {[%emt 0:02:06]} 7. cxd5 {[%emt 0:06:03]} Nxd5 {[%emt 0:00:09]} 8. Bb5+ {[%emt 0:00:20]} Bd7 {[%emt 0:02:32]} 9. Bxd7+ {[%emt 0:00:32]} Nxd7 {[%emt 0:00:14]} 10. Nxd5 {[%emt 0:00:06]} exd5 {[%emt 0:00:05]} 11. O-O {[%emt 0:01:00]} Be7 {[%emt 0:00:23]} 12. Bf4 {[%emt 0:00:46]} O-O {[%emt 0:00:13]} 13. Rc1 {[%emt 0:01:43]} Nf6 {[%emt 0:00:21]} 14. Bc7 {[%emt 0:15:28]} Qd7 {[%emt 0:01:39]} 15. Ne5 {[%emt 0:02:33]} Qb5 {[%emt 0:01:52]} 16. Nc6 {[%emt 0:04:28]} Rfe8 {[%emt 0:01:21]} 17. Re1 {[%emt 0:13:05]} Bf8 {[%emt 0:02:00]} 18. Qc2 {[%emt 0:11:49]} Qa6 {[%emt 0:04:55]} 19. Qb3 {[%emt 0:18:57]} Rxe1+ {[%emt 0:00:49]} 20. Rxe1 {[%emt 0:00:01]} Qb7 {[%emt 0:00:24]} 21. Ne7+ {[%emt 0:00:38]} Bxe7 {[%emt 0:00:49]} 22. Rxe7 {[%emt 0:00:06]} Qc6 {[%emt 0:00:12]} 23. Bf4 Rc8 {[%emt 0:00:42]} 24. h3 {[%emt 0:02:12]} a6 {[%emt 0:00:29]} 25. Re3 {[%emt 0:01:45]} b5 {[%emt 0:00:56]} 26. Rc3 {[%emt 0:00:56]} Qb7 {[%emt 0:00:41]} 27. Rxc8+ {[%emt 0:00:53]} Qxc8 {[%emt 0:00:07]} 28. Be5 {[%emt 0:00:37]} Qc4 {[%emt 0:02:46]} 29. Qxc4 {[%emt 0:00:00]} bxc4 {[%emt 0:00:00]} 30. Bxf6 {[%emt 0:00:00]} gxf6 {[%emt 0:00:00]} 31. Kf1 {[%emt 0:00:00]} Kf8 {[%emt 0:00:00]} 32. Ke2 {[%emt 0:00:00]} Ke7 {[%emt 0:00:00]} 33. Kd2 {[%emt 0:00:00]} Kd6 {[%emt 0:00:00]} 34. Kc3 {[%emt 0:00:00]} Kc6 {[%emt 0:00:00]} 35. Kb4 {[%emt 0:00:00]} Kb6 {[%emt 0:00:00]} 36. b3 {[%emt 0:00:00]} a5+ {[%emt 0:00:00]} 37. Kc3 {[%emt 0:00:00]} cxb3 {[%emt 0:00:00]} 38. axb3 {[%emt 0:00:00]} Kc6 {[%emt 0:00:00]} 39. f4 {[%emt 0:00:00]} Kb5 {[%emt 0:00:00]} 40. g3 {[%emt 0:00:00]} Kc6 {[%emt 0:00:00]} 41. Kb2 {[%emt 0:05:27]} Kb6 {[%emt 0:05:42]} 42. g4 {[%emt 0:00:29]} Kc6 {[%emt 0:00:24]} 43. Ka3 {[%emt 0:00:28]} Kb5 {[%emt 0:00:13]} 44. f5 {[%emt 0:00:06]} Kb6 {[%emt 0:02:09]} 45. Ka4 {[%emt 0:00:06]} Ka6 {[%emt 0:00:13]} 46. h4 Kb6 {[%emt 0:00:42]} 47. b4 {[%emt 0:00:17]} axb4 {[%emt 0:00:17]} 48. Kxb4 {[%emt 0:00:01]} Kc6 {[%emt 0:00:19]} 49. Ka5 {[%emt 0:00:17]} h6 {[%emt 0:00:17]} 50. h5 {[%emt 0:00:06]} Kd6 {[%emt 0:00:10]} 51. Kb6 {[%emt 0:00:16]} Kd7 {[%emt 0:00:44]} 52. Kc5 {[%emt 0:00:14]} Kc7 {[%emt 0:00:07]} 53. Kxd5 {[%emt 0:00:05]} Kd7 {[%emt 0:00:05]} 54. Kc5 {[%emt 0:00:06]} Kc7 {[%emt 0:00:19]} 55. d5 {[%emt 0:00:04]} Kd7 {[%emt 0:00:14]} 56. Kb6 {[%emt 0:13:52]} Kd6 {[%emt 0:00:23]} 57. Kb7 {[%emt 0:00:06]} Kd7 {[%emt 0:00:21]} 58. Kb8 {[%emt 0:01:58]} Kd8 {[%emt 0:00:20]} 59. d6 {[%emt 0:01:26]} Kd7 {[%emt 0:00:09]} 60. Kb7 {[%emt 0:00:05]} Kxd6 {[%emt 0:00:54]} 61. Kc8 {[%emt 0:00:07]} Ke7 {[%emt 0:00:08]} 62. Kc7 {[%emt 0:00:04]} Ke8 {[%emt 0:00:13]} 63. Kd6 {[%emt 0:00:07]} Kd8 {[%emt 0:00:08]} 64. Kc6 Ke7 65. Kc7 Ke8 66. Kd6 1/2-1/2

[Event "GER-ch Youth U10 2020"]
[Site "Willingen"]
[Date "2020.10.28"]
[Round "3.4"]
[White "Zhang, Yibo"]
[Black "Dordevic, Tom"]
[Result "1/2-1/2"]
[WhiteElo "1299"]
[BlackElo "1535"]
[Annotator "NA"]
[PlyCount "57"]
[EventDate "2020.10.27"]
[EventType "swiss"]
[EventRounds "7"]
[EventCountry "GER"]
[SourceTitle "playchess.com"]
[Source "ChessBase"]
[SourceQuality "1"]
[TimeControl "40/4500+30:900+30"]

1. e4 {[%emt 0:00:00]} c5 {[%emt 0:00:00]} 2. Nf3 {[%emt 0:00:00]} e6 {[%emt 0:00:00]} 3. d4 {[%emt 0:00:00]} cxd4 {[%emt 0:00:00]} 4. Nxd4 {[%emt 0:00:06]} a6 {[%emt 0:00:00]} 5. Nc3 {[%emt 0:00:07]} Qc7 {[%emt 0:00:02]} 6. Bd3 {[%emt 0:00:13]} Nf6 {[%emt 0:00:07]} 7. O-O {[%emt 0:00:33]} b5 {[%emt 0:00:11]} 8. Kh1 {[%emt 0:00:13]} Bb7 {[%emt 0:00:10]} 9. Qe2 {[%emt 0:00:17]} d6 {[%emt 0:00:41]} 10. f4 {[%emt 0:00:29]} Nbd7 {[%emt 0:00:24]} 11. Bd2 {[%emt 0:00:57]} Nc5 {[%emt 0:00:45]} 12. e5 {[%emt 0:02:43]} dxe5 {[%emt 0:03:20]} 13. fxe5 {[%emt 0:01:04]} Nd5 {[%emt 0:01:06]} 14. a4 {[%emt 0:05:40]} Nxd3 {[%emt 0:02:37]} 15. cxd3 {[%emt 0:00:19]} Nxc3 {[%emt 0:10:43]} 16. Bxc3 {[%emt 0:02:37]} b4 {[%emt 0:08:36]} 17. Bd2 {[%emt 0:03:24]} Be7 {[%emt 0:02:09]} 18. Rac1 {[%emt 0:04:42]} Qd7 {[%emt 0:01:11]} 19. Nb3 {[%emt 0:11:13]} Qxa4 {[%emt 0:07:08]} 20. Rc7 {[%emt 0:04:51]} Rc8 {[%emt 0:25:13]} 21. Rxb7 {[%emt 0:02:44]} Qxb3 {[%emt 0:00:31]} 22. Qf2 {[%emt 0:00:32]} Rf8 {[%emt 0:02:55]} 23. Qd4 {[%emt 0:29:15]} Qd5 {[%emt 0:12:27]} 24. Qxd5 {[%emt 0:00:50]} exd5 {[%emt 0:00:01]} 25. Rxe7+ {[%emt 0:00:37]} Kxe7 {[%emt 0:00:21]} 26. Bxb4+ {[%emt 0:00:02]} Ke6 {[%emt 0:00:09]} 27. Bxf8 Rxf8 {[%emt 0:00:01]} 28. d4 {[%emt 0:01:07]} Rb8 {[%emt 0:00:15]} 29. Rf2 {[%emt 0:00:43]} 1/2-1/2

[Event "GER-ch Youth U10 2020"]
[Site "Willingen"]
[Date "2020.10.28"]
[Round "3.5"]
[White "Herrmann, Jakob"]
[Black "Mandalka, Justus"]
[Result "1-0"]
[WhiteElo "1504"]
[BlackElo "1437"]
[Annotator "NA"]
[PlyCount "23"]
[EventDate "2020.10.27"]
[EventType "swiss"]
[EventRounds "7"]
[EventCountry "GER"]
[SourceTitle "playchess.com"]
[Source "ChessBase"]
[SourceQuality "1"]
[TimeControl "40/4500+30:900+30"]

1. e4 {[%emt 0:00:00]} c5 {[%emt 0:00:00]} 2. Nc3 {[%emt 0:00:03]} Nc6 {[%emt 0:00:00]} 3. Nge2 {[%emt 0:00:31]} g6 {[%emt 0:00:04]} 4. d3 {[%emt 0:00:31]} Bg7 {[%emt 0:00:17]} 5. Be3 {[%emt 0:01:17]} d6 {[%emt 0:00:39]} 6. Qd2 {[%emt 0:00:57]} e6 {[%emt 0:01:40]} 7. d4 {[%emt 0:01:17]} cxd4 {[%emt 0:00:18]} 8. Nxd4 {[%emt 0:00:10]} Nge7 {[%emt 0:00:26]} 9. Ndb5 {[%emt 0:04:51]} d5 {[%emt 0:01:19]} 10. exd5 {[%emt 0:00:30]} Nxd5 {[%emt 0:00:11]} 11. Nxd5 {[%emt 0:00:23]} Qxd5 {[%emt 0:00:33]} 12. Nc7+ {[%emt 0:00:02]} 1-0

[Event "GER-ch Youth U10 2020"]
[Site "Willingen"]
[Date "2020.10.28"]
[Round "3.6"]
[White "Krstovic, Marko"]
[Black "Buchinger, Alexis"]
[Result "0-1"]
[WhiteElo "1443"]
[BlackElo "1496"]
[Annotator "NA"]
[PlyCount "114"]
[EventDate "2020.10.27"]
[EventType "swiss"]
[EventRounds "7"]
[EventCountry "GER"]
[SourceTitle "playchess.com"]
[Source "ChessBase"]
[SourceQuality "1"]
[TimeControl "40/4500+30:900+30"]

1. d4 {[%emt 0:00:00]} d5 {[%emt 0:00:00]} 2. c4 {[%emt 0:00:00]} e6 {[%emt 0:00:00]} 3. Nc3 {[%emt 0:00:00]} c6 {[%emt 0:00:14]} 4. Nf3 {[%emt 0:00:00]} dxc4 {[%emt 0:00:26]} 5. e4 {[%emt 0:00:00]} b5 {[%emt 0:00:10]} 6. a4 {[%emt 0:00:06]} Bb4 {[%emt 0:00:23]} 7. axb5 {[%emt 0:00:10]} cxb5 {[%emt 0:00:30]} 8. Bg5 {[%emt 0:00:32]} Ne7 {[%emt 0:00:22]} 9. e5 {[%emt 0:00:15]} Bb7 {[%emt 0:01:01]} 10. Be2 {[%emt 0:00:08]} O-O {[%emt 0:01:18]} 11. O-O {[%emt 0:00:09]} a6 {[%emt 0:01:03]} 12. Qc2 {[%emt 0:00:36]} h6 {[%emt 0:01:09]} 13. Bh4 {[%emt 0:00:15]} Qc7 {[%emt 0:01:32]} 14. Rfd1 {[%emt 0:02:16]} Bxc3 {[%emt 0:02:45]} 15. Qxc3 {[%emt 0:00:31]} Nf5 {[%emt 0:02:12]} 16. Bg3 {[%emt 0:00:45]} Rc8 {[%emt 0:01:09]} 17. Nh4 {[%emt 0:02:20]} Nxg3 {[%emt 0:00:41]} 18. Qxg3 {[%emt 0:00:38]} Nd7 {[%emt 0:03:30]} 19. Bf3 {[%emt 0:00:26]} Bxf3 {[%emt 0:00:21]} 20. Nxf3 {[%emt 0:00:13]} Nb6 {[%emt 0:00:41]} 21. Nd2 {[%emt 0:01:02]} c3 {[%emt 0:01:53]} 22. bxc3 {[%emt 0:00:49]} Qxc3 {[%emt 0:00:06]} 23. Ne4 {[%emt 0:00:21]} Qxg3 {[%emt 0:00:18]} 24. fxg3 {[%emt 0:00:09]} Nc4 {[%emt 0:01:38]} 25. Nc5 {[%emt 0:02:02]} a5 {[%emt 0:03:44]} 26. Kf2 {[%emt 0:01:44]} Kf8 {[%emt 0:01:34]} 27. Ke2 {[%emt 0:00:48]} Nxe5 {[%emt 0:01:12]} 28. Nxe6+ {[%emt 0:01:41]} fxe6 {[%emt 0:00:08]} 29. dxe5 {[%emt 0:00:04]} Ke7 {[%emt 0:00:14]} 30. Ke3 {[%emt 0:00:27]} Rc2 {[%emt 0:00:38]} 31. Kf3 {[%emt 0:01:38]} a4 {[%emt 0:00:58]} 32. Rdb1 {[%emt 0:01:20]} Rc3+ {[%emt 0:03:35]} 33. Ke4 {[%emt 0:01:06]} Rb8 {[%emt 0:03:48]} 34. Rxa4 {[%emt 0:00:57]} Kd7 {[%emt 0:05:15]} 35. Ra7+ {[%emt 0:02:28]} Kc6 {[%emt 0:00:32]} 36. Ra6+ {[%emt 0:02:33]} Rb6 {[%emt 0:00:24]} 37. Ra8 Rc4+ {[%emt 0:03:24]} 38. Kd3 {[%emt 0:05:48]} Ra4 {[%emt 0:03:17]} 39. Rc8+ {[%emt 0:02:29]} Kd5 {[%emt 0:00:56]} 40. Re1 {[%emt 0:04:45]} Ra3+ {[%emt 0:00:29]} 41. Kd2 {[%emt 0:16:39]} Ra2+ {[%emt 0:15:28]} 42. Rc2 {[%emt 0:00:32]} Rxc2+ {[%emt 0:00:23]} 43. Kxc2 {[%emt 0:00:06]} b4 {[%emt 0:00:20]} 44. Kb3 {[%emt 0:00:32]} Kd4 {[%emt 0:00:35]} 45. Re2 {[%emt 0:02:42]} Rb5 {[%emt 0:00:27]} 46. Ka4 {[%emt 0:02:04]} Rxe5 {[%emt 0:00:07]} 47. Rd2+ {[%emt 0:00:16]} Kc3 {[%emt 0:00:16]} 48. Rf2 {[%emt 0:01:48]} Rd5 {[%emt 0:00:45]} 49. Rf7 {[%emt 0:02:26]} Rd4 {[%emt 0:01:44]} 50. Rb7 {[%emt 0:01:03]} e5 {[%emt 0:00:44]} 51. Rxg7 {[%emt 0:02:33]} e4 {[%emt 0:02:36]} 52. Re7 {[%emt 0:00:43]} Kd2 53. g4 {[%emt 0:00:54]} e3 {[%emt 0:00:56]} 54. h4 {[%emt 0:00:36]} e2 {[%emt 0:00:15]} 55. g5 {[%emt 0:00:13]} hxg5 {[%emt 0:00:09]} 56. hxg5 {[%emt 0:00:53]} e1=Q {[%emt 0:00:17]} 57. Rxe1 {[%emt 0:00:06]} Kxe1 {[%emt 0:00:05]} 0-1

[Event "GER-ch Youth U10 2020"]
[Site "Willingen"]
[Date "2020.10.28"]
[Round "3.8"]
[White "Stichter, Constantin"]
[Black "Nönnig, Jakob"]
[Result "0-1"]
[WhiteElo "1476"]
[BlackElo "1442"]
[Annotator "NA"]
[PlyCount "146"]
[EventDate "2020.10.27"]
[EventType "swiss"]
[EventRounds "7"]
[EventCountry "GER"]
[SourceTitle "playchess.com"]
[Source "ChessBase"]
[SourceQuality "1"]
[TimeControl "40/4500+30:900+30"]

1. e4 {[%emt 0:00:00]} e5 {[%emt 0:00:00]} 2. Nf3 {[%emt 0:00:30]} Nc6 {[%emt 0:00:00]} 3. d4 {[%emt 0:00:35]} exd4 {[%emt 0:00:00]} 4. Nxd4 {[%emt 0:00:29]} Bb4+ {[%emt 0:00:06]} 5. c3 {[%emt 0:00:18]} Bc5 {[%emt 0:00:23]} 6. Be3 {[%emt 0:00:10]} Bb6 {[%emt 0:00:12]} 7. Bc4 {[%emt 0:00:17]} Nge7 {[%emt 0:00:19]} 8. O-O {[%emt 0:00:18]} O-O {[%emt 0:00:11]} 9. f4 {[%emt 0:00:32]} d5 {[%emt 0:00:31]} 10. Bd3 {[%emt 0:00:22]} dxe4 {[%emt 0:01:59]} 11. Bxe4 {[%emt 0:00:19]} Re8 {[%emt 0:02:08]} 12. Qd3 {[%emt 0:00:38]} h6 {[%emt 0:02:37]} 13. Rf3 {[%emt 0:01:21]} Nd5 {[%emt 0:00:53]} 14. Nxc6 {[%emt 0:00:41]} bxc6 {[%emt 0:01:03]} 15. Bxb6 {[%emt 0:01:17]} cxb6 {[%emt 0:00:42]} 16. c4 {[%emt 0:00:21]} Ne7 {[%emt 0:01:06]} 17. Qxd8 {[%emt 0:00:18]} Rxd8 {[%emt 0:00:20]} 18. Nc3 {[%emt 0:00:16]} Be6 {[%emt 0:01:20]} 19. b3 {[%emt 0:00:42]} f5 {[%emt 0:02:13]} 20. Bd3 {[%emt 0:01:26]} Rd7 {[%emt 0:02:39]} 21. Bc2 {[%emt 0:02:09]} Kf7 {[%emt 0:02:41]} 22. Re1 {[%emt 0:00:46]} Rad8 {[%emt 0:01:52]} 23. Rfe3 {[%emt 0:00:39]} Rd6 {[%emt 0:02:26]} 24. Na4 {[%emt 0:00:52]} R8d7 {[%emt 0:01:48]} 25. c5 {[%emt 0:00:24]} Rd2 {[%emt 0:03:50]} 26. Bb1 {[%emt 0:01:54]} Bd5 {[%emt 0:02:20]} 27. R3e2 {[%emt 0:00:54]} Rxe2 {[%emt 0:01:24]} 28. Rxe2 {[%emt 0:01:45]} Bxb3 {[%emt 0:01:41]} 29. Nb2 {[%emt 0:05:29]} Bd5 {[%emt 0:02:23]} 30. Nd3 {[%emt 0:00:08]} Kf6 {[%emt 0:02:14]} 31. Kf2 {[%emt 0:02:27]} g5 {[%emt 0:02:44]} 32. g3 {[%emt 0:00:43]} Rd8 {[%emt 0:03:09]} 33. h3 {[%emt 0:01:43]} Bc4 {[%emt 0:02:19]} 34. Rd2 {[%emt 0:04:08]} Bxd3 {[%emt 0:03:01]} 35. Rxd3 {[%emt 0:01:10]} Rxd3 {[%emt 0:00:18]} 36. Bxd3 {[%emt 0:00:11]} bxc5 {[%emt 0:00:17]} 37. fxg5+ {[%emt 0:00:21]} hxg5 {[%emt 0:00:14]} 38. h4 {[%emt 0:00:28]} gxh4 {[%emt 0:00:16]} 39. gxh4 {[%emt 0:00:09]} Kg6 {[%emt 0:02:43]} 40. Kg3 {[%emt 0:01:01]} a5 {[%emt 0:01:26]} 41. Kf4 {[%emt 0:16:29]} Kf6 {[%emt 0:18:11]} 42. a4 {[%emt 0:01:36]} Nd5+ {[%emt 0:01:36]} 43. Kf3 {[%emt 0:00:30]} Kg6 {[%emt 0:02:52]} 44. Kg3 {[%emt 0:03:51]} Kf6 {[%emt 0:01:49]} 45. Kf3 {[%emt 0:03:04]} Ne7 {[%emt 0:03:15]} 46. Kf4 {[%emt 0:00:57]} Ng6+ {[%emt 0:00:21]} 47. Kg3 {[%emt 0:00:11]} Ne5 {[%emt 0:02:21]} 48. Bc2 {[%emt 0:01:10]} Ng6 {[%emt 0:05:17]} 49. h5 {[%emt 0:26:22]} Ne7 {[%emt 0:00:30]} 50. Kf4 {[%emt 0:02:41]} Nd5+ {[%emt 0:00:14]} 51. Kf3 {[%emt 0:00:43]} Kg5 {[%emt 0:00:21]} 52. h6 {[%emt 0:03:58]} Kxh6 {[%emt 0:00:21]} 53. Bxf5 {[%emt 0:00:19]} Kg5 {[%emt 0:00:22]} 54. Bd7 {[%emt 0:01:46]} Ne7 {[%emt 0:00:33]} 55. Ke4 {[%emt 0:01:12]} Kf6 {[%emt 0:00:18]} 56. Be8 {[%emt 0:02:28]} Ke6 {[%emt 0:00:21]} 57. Kd3 {[%emt 0:01:18]} Kd6 {[%emt 0:00:23]} 58. Kc4 {[%emt 0:00:41]} Nd5 {[%emt 0:00:30]} 59. Bg6 {[%emt 0:01:07]} Nb6+ {[%emt 0:00:17]} 60. Kb3 {[%emt 0:00:00]} c4+ {[%emt 0:00:00]} 61. Ka3 {[%emt 0:00:00]} Kc5 {[%emt 0:00:00]} 62. Bc2 {[%emt 0:00:00]} Nd5 {[%emt 0:00:00]} 63. Be4 {[%emt 0:07:00]} Kd4 {[%emt 0:00:00]} 64. Bf3 {[%emt 0:01:30]} c5 {[%emt 0:00:00]} 65. Kb2 {[%emt 0:00:17]} c3+ {[%emt 0:00:00]} 66. Kc2 {[%emt 0:01:04]} Nb4+ {[%emt 0:00:00]} 67. Kc1 {[%emt 0:00:20]} Nd3+ {[%emt 0:00:00]} 68. Kd1 {[%emt 0:00:16]} c2+ {[%emt 0:00:00]} 69. Kxc2 {[%emt 0:04:45]} Ne1+ {[%emt 0:00:00]} 70. Kb3 {[%emt 0:00:05]} Nxf3 {[%emt 0:00:00]} 71. Ka3 {[%emt 0:01:06]} Kc3 {[%emt 0:00:00]} 72. Ka2 {[%emt 0:00:31]} c4 {[%emt 0:00:00]} 73. Kb1 {[%emt 0:00:15]} Kd2 {[%emt 0:00:00]} 0-1

[Event "GER-ch Youth U10 2020"]
[Site "Willingen"]
[Date "2020.10.28"]
[Round "3.9"]
[White "Malinowsky, Levi"]
[Black "Barthel, Jacob"]
[Result "1-0"]
[WhiteElo "1606"]
[BlackElo "1231"]
[Annotator "NA"]
[PlyCount "59"]
[EventDate "2020.10.27"]
[EventType "swiss"]
[EventRounds "7"]
[EventCountry "GER"]
[SourceTitle "playchess.com"]
[Source "ChessBase"]
[SourceQuality "1"]
[TimeControl "40/4500+30:900+30"]

1. e4 {[%emt 0:00:00]} e5 {[%emt 0:00:00]} 2. Nf3 {[%emt 0:00:00]} Nc6 {[%emt 0:00:00]} 3. Bb5 {[%emt 0:00:00]} a6 {[%emt 0:00:01]} 4. Bxc6 {[%emt 0:00:07]} dxc6 {[%emt 0:00:06]} 5. O-O {[%emt 0:00:07]} Bd6 {[%emt 0:00:14]} 6. d4 {[%emt 0:01:02]} Bg4 {[%emt 0:00:16]} 7. dxe5 {[%emt 0:00:55]} Bxf3 {[%emt 0:00:15]} 8. Qxf3 {[%emt 0:00:08]} Bxe5 {[%emt 0:00:07]} 9. Nc3 {[%emt 0:01:19]} Nf6 {[%emt 0:00:20]} 10. Bg5 {[%emt 0:02:10]} h6 {[%emt 0:00:20]} 11. Bh4 {[%emt 0:01:13]} Qd6 {[%emt 0:00:41]} 12. h3 {[%emt 0:03:02]} g5 {[%emt 0:14:26]} 13. Bg3 {[%emt 0:00:29]} O-O-O {[%emt 0:01:13]} 14. Qf5+ {[%emt 0:00:30]} Nd7 {[%emt 0:00:40]} 15. Rad1 {[%emt 0:01:37]} Qe7 {[%emt 0:10:56]} 16. Bxe5 {[%emt 0:00:58]} Qxe5 {[%emt 0:19:15]} 17. Rxd7 {[%emt 0:00:25]} Qg7 {[%emt 0:02:48]} 18. Rxf7+ {[%emt 0:00:15]} Kb8 {[%emt 0:00:20]} 19. Rxg7 {[%emt 0:00:00]} Rhf8 {[%emt 0:00:23]} 20. Qh7 {[%emt 0:00:00]} Rc8 {[%emt 0:00:29]} 21. Rd1 {[%emt 0:00:00]} g4 {[%emt 0:00:21]} 22. Rdd7 {[%emt 0:00:00]} gxh3 {[%emt 0:00:18]} 23. gxh3 {[%emt 0:00:15]} Ka7 24. Rxc7 {[%emt 0:00:08]} Kb6 {[%emt 0:01:01]} 25. Rxb7+ {[%emt 0:00:15]} Kc5 {[%emt 0:00:06]} 26. Qxh6 {[%emt 0:00:15]} Rxf2 {[%emt 0:00:08]} 27. Kxf2 {[%emt 0:00:07]} Rf8+ {[%emt 0:00:08]} 28. Ke3 {[%emt 0:00:03]} Rd8 {[%emt 0:00:18]} 29. Rg5+ {[%emt 0:00:08]} Kc4 {[%emt 0:00:19]} 30. Qxc6# 1-0

[Event "GER-ch Youth U10 2020"]
[Site "Willingen"]
[Date "2020.10.28"]
[Round "3.10"]
[White "Rosenkranz, Lennard"]
[Black "Middendorf, Sven-Jonas"]
[Result "1-0"]
[WhiteElo "1467"]
[BlackElo "1355"]
[Annotator "NA"]
[PlyCount "121"]
[EventDate "2020.10.27"]
[EventType "swiss"]
[EventRounds "7"]
[EventCountry "GER"]
[SourceTitle "playchess.com"]
[Source "ChessBase"]
[SourceQuality "1"]
[TimeControl "40/4500+30:900+30"]

1. e4 {[%emt 0:00:00]} e5 {[%emt 0:00:00]} 2. Nf3 {[%emt 0:00:00]} Nc6 {[%emt 0:00:00]} 3. Bc4 {[%emt 0:00:00]} Bc5 {[%emt 0:00:00]} 4. O-O {[%emt 0:00:20]} Nf6 {[%emt 0:00:00]} 5. d4 {[%emt 0:00:10]} Bxd4 {[%emt 0:04:17]} 6. Nxd4 {[%emt 0:01:15]} Nxd4 {[%emt 0:00:23]} 7. Bg5 {[%emt 0:00:09]} h6 {[%emt 0:01:33]} 8. Bh4 {[%emt 0:00:09]} d6 {[%emt 0:02:07]} 9. f4 {[%emt 0:00:33]} Be6 {[%emt 0:10:09]} 10. fxe5 {[%emt 0:13:17]} dxe5 {[%emt 0:06:14]} 11. Bd3 {[%emt 0:02:36]} g5 {[%emt 0:03:56]} 12. Bg3 {[%emt 0:00:32]} Bg4 {[%emt 0:05:38]} 13. Qd2 {[%emt 0:03:48]} Nc6 {[%emt 0:06:47]} 14. Qc3 {[%emt 0:01:42]} Qe7 {[%emt 0:03:04]} 15. Bb5 {[%emt 0:02:56]} O-O {[%emt 0:07:11]} 16. Bxc6 {[%emt 0:00:28]} bxc6 {[%emt 0:00:07]} 17. Qxc6 {[%emt 0:00:51]} Qe6 {[%emt 0:06:54]} 18. Rxf6 {[%emt 0:03:07]} Qxc6 {[%emt 0:07:06]} 19. Rxc6 {[%emt 0:00:16]} f5 {[%emt 0:01:15]} 20. exf5 {[%emt 0:01:00]} Rxf5 {[%emt 0:00:59]} 21. Na3 {[%emt 0:00:11]} Raf8 {[%emt 0:00:22]} 22. Nc4 {[%emt 0:01:42]} Be2 {[%emt 0:02:34]} 23. Ne3 {[%emt 0:00:53]} R5f7 {[%emt 0:01:41]} 24. Bxe5 {[%emt 0:03:40]} Re8 {[%emt 0:01:43]} 25. Bd4 {[%emt 0:03:15]} Rd7 {[%emt 0:01:08]} 26. Nf5 {[%emt 0:01:47]} Rf8 {[%emt 0:06:03]} 27. Rg6+ {[%emt 0:04:22]} Kh7 {[%emt 0:02:17]} 28. Rxh6+ {[%emt 0:01:09]} Kg8 {[%emt 0:00:09]} 29. Rh8+ {[%emt 0:00:23]} Kf7 {[%emt 0:00:04]} 30. Rxf8+ {[%emt 0:00:33]} Kxf8 {[%emt 0:00:07]} 31. Re1 {[%emt 0:00:27]} Bg4 {[%emt 0:00:35]} 32. Bc5+ {[%emt 0:00:51]} Kg8 {[%emt 0:02:29]} 33. Nh6+ {[%emt 0:00:24]} Kg7 {[%emt 0:00:00]} 34. Nxg4 {[%emt 0:00:00]} Rd2 {[%emt 0:00:29]} 35. c4 {[%emt 0:00:00]} Rc2 {[%emt 0:00:36]} 36. Bd4+ {[%emt 0:00:56]} Kg6 {[%emt 0:00:31]} 37. h3 {[%emt 0:00:50]} Kh7 {[%emt 0:00:49]} 38. Re6 {[%emt 0:01:14]} Rc1+ {[%emt 0:01:01]} 39. Kh2 {[%emt 0:00:05]} Rf1 {[%emt 0:00:39]} 40. Rh6+ {[%emt 0:01:50]} Kg8 {[%emt 0:00:09]} 41. Rh8+ {[%emt 0:15:15]} Kf7 {[%emt 0:15:13]} 42. Ne5+ {[%emt 0:01:05]} Ke7 {[%emt 0:01:52]} 43. Rg8 {[%emt 0:02:09]} Kd6 {[%emt 0:01:50]} 44. Rxg5 {[%emt 0:00:13]} c5 {[%emt 0:00:15]} 45. Rg6+ {[%emt 0:00:31]} Kc7 {[%emt 0:00:48]} 46. Bxc5 {[%emt 0:00:08]} Kb7 {[%emt 0:00:31]} 47. h4 {[%emt 0:00:14]} Rf5 {[%emt 0:00:34]} 48. Rg5 {[%emt 0:00:26]} Rf6 {[%emt 0:00:35]} 49. Rg7+ {[%emt 0:01:02]} Kc8 {[%emt 0:00:58]} 50. Kh3 {[%emt 0:00:41]} Rh6 {[%emt 0:00:00]} 51. Kg4 {[%emt 0:00:00]} Kb8 {[%emt 0:00:00]} 52. Kg5 {[%emt 0:00:00]} Rh8 {[%emt 0:00:00]} 53. Rf7 {[%emt 0:00:00]} Re8 {[%emt 0:00:00]} 54. Rf8 {[%emt 0:00:00]} Kb7 {[%emt 0:00:00]} 55. Rxe8 {[%emt 0:00:00]} Ka6 {[%emt 0:00:00]} 56. h5 {[%emt 0:00:00]} Ka5 {[%emt 0:00:00]} 57. h6 {[%emt 0:00:00]} Ka4 {[%emt 0:00:00]} 58. Bxa7 {[%emt 0:00:00]} Ka5 {[%emt 0:00:00]} 59. h7 {[%emt 0:00:00]} Ka6 {[%emt 0:00:00]} 60. h8=Q {[%emt 0:00:00]} Ka5 {[%emt 0:00:00]} 61. Qf6 {[%emt 0:00:00]} 1-0